| 000 | 00593nam a2200241Ia 4500 | ||
|---|---|---|---|
| 003 | OSt | ||
| 005 | 20230323113102.0 | ||
| 008 | 210423s2008 xx 000 0 und d | ||
| 020 | _a10818209044 | ||
| 040 | _cAL | ||
| 041 | _aeng | ||
| 082 |
_a332.1 _223 _bGURS |
||
| 100 |
_aGURUSAMY (S) _963404 |
||
| 245 | _aBanking theory law and practice | ||
| 250 | _a3 | ||
| 260 |
_aNew Delhi _bTata McGrawhill _c2008 |
||
| 300 | _axii,347 | ||
| 365 |
_b135 _cINR |
||
| 650 |
_aBanking _963405 |
||
| 650 |
_aEconomics _963406 |
||
| 906 | _aBanking ; law ; practice ; theory | ||
| 942 |
_2ddc _cBK |
||
| 999 |
_c155688 _d155688 |
||